000 00202nam a22000857a 4500
999 _c258424
_d258423
020 _a9780324826852
245 _aMicrosoft office 2007 introductory concepts and techniques
260 _c2010
942 _cBK